| 000 | 00823nam a2200229 ar4500 | ||
|---|---|---|---|
| 001 | 4286 | ||
| 005 | 20221127090914.0 | ||
| 008 | 150729s xxua 00010 eng d | ||
| 020 | _a9780785821359(hbk) | ||
| 082 | 0 | 4 |
_a973.00202 _bT482 2006 |
| 245 | 0 | 0 |
_aTimechart history of America / _cdesigned and edited by Dag Publications Ltd. |
| 246 | 0 | _aHistory of America. | |
| 260 |
_aEdison, NJ : _bChartwell, _c2006. |
||
| 300 |
_a[30], 31 p. : _bill.(chiefly col.), maps, ports ; _c35 cm. |
||
| 500 | _aFold-out chart(30) p. at front of book. | ||
| 500 | _aOriginally published: London : Worth, 2003. | ||
| 504 | _aIncludes bibl. references. | ||
| 651 | 4 |
_aUnited Stated _xHistory. |
|
| 651 | 4 |
_aUnited Stated _xHistory. _xChronology. |
|
| 651 | 4 |
_aUnited Stated _xHistory. _vPictorial works. |
|
| 710 | 2 | _aDag Publications, Ltd. | |
| 999 |
_c4284 _d4284 |
||